00725cam a2200181 450000500170000000800410001705000240005810000230008224501110010526000390021630000180025549000220027350400290029550501020032465100450042665100430047170000290051420220331084158.0 s1977 mx a spa 00aHB853.M4 bC66 19771 aCook, Sherburne F.10aEnsayos sobre historia de la población :bMéxico y el Caribe /cpor Sherburne F. Cook y Woodrow Borah. aMéxico :bSiglo Veintiuno,c1977 a t. ;c21 cm. aAmérica nuestra aBibliografia: p. 405-4191 aContenido :gT.1.tMéxico y el Caribe gT.2.tMéxico y el CaribegT.3.tMéxico y California 72Lemb aMéxico xPoblación xHistoria 72Lemb aCaribe xPoblación xHistoria1 aBorah, Woodrow, ecoaut.